Psicología educativa: la ciencia de la enseñanza y el aprendizaje
Uloženo v:
| Hlavní autoři: | , |
|---|---|
| Médium: | Kniha |
| Jazyk: | španělština |
| Vydáno: |
Ciudad de México
Trillas
1977
|
| Témata: | |
| Tagy: |
Přidat tag
Žádné tagy, Buďte první, kdo vytvoří štítek k tomuto záznamu!
|
MARC
| LEADER | 00000nam a2200000 a 4500 | ||
|---|---|---|---|
| 001 | UCZ0575 | ||
| 003 | CL-VaPUC | ||
| 008 | 950728e19771100MX |||||||||||||||||spa|d | ||
| 082 | 0 | 4 | |a 370.15 |b AND |2 21 |
| 100 | 0 | |a Anderson, Richard C |e author |9 343551 | |
| 700 | 0 | |a Faust, Gerald W |e author |9 343552 | |
| 245 | 1 | 0 | |a Psicología educativa: la ciencia de la enseñanza y el aprendizaje |
| 300 | |a 569 p | ||
| 942 | |c BK | ||
| 945 | |d 19950728 00:00:00 |a lriquelm | ||
| 260 | |a Ciudad de México |b Trillas |c 1977 | ||
| 650 | 0 | |a Psicología educacional |9 307830 | |
| 650 | 0 | |a Proceso de aprendizaje |9 343553 | |
| 650 | 0 | |a Desarrollo afectivo |9 334359 | |
| 650 | 0 | |a Psicología del niño |9 307305 | |
| 650 | 0 | |a Desarrollo individual |9 307875 | |
| 650 | 7 | |a HABILIDAD |2 CL-VaPUC |9 343554 | |
| 650 | 0 | |a Evaluación |9 271902 | |
| 650 | 0 | |a Motivación |9 315362 | |
| 650 | 0 | |a Aprendizaje |9 254827 | |
| 650 | 0 | |a Comportamiento |9 308406 | |
| 650 | 0 | |a Procesos mentales superiores |9 330839 | |
| 583 | |a last modification |c 19950728 00:00:00 |k Rodrigo Vera | ||
| 999 | |c 237493 |d 237491 | ||
| 952 | |0 0 |1 0 |4 0 |6 370_150000000000000_AND_1977 |7 0 |8 A |9 246675 |a BIBEDU |b BIBEDU |d 2019-11-18 |i 1545981 |o 370.15 AND 1977 |p 1545981 |r 2019-11-18 |w 2019-11-18 |y BK |k EDU | ||